Top 10 des jeux les plus vendus en 2024 - Statistiques

Statistiques générales
  • Ce quiz a été pris 24 fois
  • Le résultat moyen est 1 sur 10
Statistiques - réponses
Hint Réponse % Correct
3 GTA V
68%
2 Elden ring
37%
5 Red Dead Redemption 2
21%
1 EA Sports FC 24
5%
8 F1 24
0%
9 GTA Online
0%
6 Hogwarts Legacy
0%
7 Luigi's Mansion 2 HD
0%
10 NBA 2k24
0%
4 Sid Meier's Civilization VI
0%
Aucun quiz correspondant
Distribution des résultats
% des personnes avec chaque résultat
Percentile par nombre de réponses
Votre historique - résultats
Vous n’avez pas pris ce quiz